000
00311nam a2200121Ia 4500
005
20251222155144.0
008
251222s9999||||xx |||||||||||||| ||spa||
082
_a
NUT.25
100
_a
MINISTERIO DE SALUD,
245
0
_a
Módulo de capacitación Orientación y manejo aliment
264
_b
Minsa
942
_c
LIB
999
_c
39292
_d
39292